| 000 | 00727nam a2200205 a 4500 | ||
|---|---|---|---|
| 003 | 0 | ||
| 005 | 20250303131916.0 | ||
| 008 | 120723s19uu xx 00 eng d | ||
| 050 |
_aPGS BF 723.C5.T69 _b.V737 2012 |
||
| 100 | _aVillena, Kelsie O. | ||
| 245 |
_aToys and child development / _cKelsie O. Villena. |
||
| 260 |
_aLas PiƱas City, Philippines : _bSouthville International School and Colleges, _c2012. |
||
| 300 |
_a32 pages : _billustrations ; _c28 cm. |
||
| 504 | _aIncludes bibliographical references. | ||
| 650 |
_aChild development _vPsychological aspects. |
||
| 650 |
_aToys _vPsychological aspects. |
||
| 650 |
_aPlay _vPsychological aspects . |
||
| 650 | _aToys and child development. | ||
| 942 |
_2lcc _cPASS |
||
| 999 |
_c98806 _d98806 |
||